000 00779nam a22002537a 4500
001 31548
003 UA-OsUOA
005 20210917211754.0
007 ta
008 20041223b un ||||| |||| 00| 0 ukr d
020 _a5-02-017913-2
040 _aUA-OsUOA
_brus
_cUA-OsUOA
_dUA-OsUOA
041 _arus
044 _aRU
080 _a94"0375/1492"
090 _a94"0375/1492"
_bИ90
245 _aИстория Востока: Восток на рубеже средневековья и нового времени XVI-XVIII
_cред. Р. Б. Рыбаков, Л. Б. Алаев
260 _aМосква
_bВосточная литература
_c1999
300 _a696 с.
_bІлюстрації
505 _gТ. 3
650 7 _2UDC
942 _cBK
_2udc
955 _a0
999 _c317976
_d317976